000 00546nam a2200229Ia 4500
003 OSt
005 20221005120342.0
006 a|||||r|||| 00| 0
007 ta
008 221004b |||||||| |||| 00| 0 eng d
024 _a62569
037 _cTextual
040 _aCRL
_cCRL
_beng
041 _2eng
_aeng
082 _aS:811, J4
100 _aHadfield J A
_980998
245 0 _aDreams and nightmares
260 _c1954
650 _aPSYCHOLOGY
942 _hS:811, J4
_cTEXL
_2cc
999 _c1037718
_d1037718